000 00886nam a2200205 i 4500
001 130208
003 ES-MaACL
005 20250802232301.0
007 t|
008 070723s1949 sp ||||1| spa d
100 1 _aZimmerschied, Wilhelm.
_9118282
245 1 0 _aI. Acerca de las situaciones de tiempo de la Península Ibérica . II. Acerca de la relación entre las cantidades de precipitación en la PenínsulaIbérica y la crudeza del invierno en la Europa Central /
_cpor... W. Zimmerchied . III. Situaciones generales meteorológicas de Europa / por... F. Baur.
260 _aMadrid :
_bHuérfanos Ejército del Aire,
_c1949.
300 _a55 p. ;
_c24 cm.
700 1 _aBaur, F.
_926607
710 1 _aEspaña.
_bMinisterio del Aire
_93938
740 0 _aSituaciones generales meteorológicas de Europa.
852 _aES-MaACL
_j1928-F-8
_bR.29921
999 _c130208
_d130208